| 000 | 00820nam a2200337Ia 4500 | ||
|---|---|---|---|
| 001 | 11216 | ||
| 005 | 20240113235301.0 | ||
| 007 | ta | ||
| 008 | 050810s1974 g b000 u 346 u | ||
| 040 | _aCotton College,Assam | ||
| 041 | _a346 | ||
| 082 |
_a891.44109 _bB 223 B |
||
| 100 | _aBannerjee, A.L. . | ||
| 245 | 0 |
_aBirangana Kavya / _cA.L. Bannerjee. _hTextual Documents |
|
| 250 | _a7th ed / | ||
| 260 |
_aCalcutta : _bModern Book Agency , _c1974. |
||
| 300 |
_a176p. ; _c22cm.. |
||
| 653 | _aBengali Poetry-Criticism | ||
| 653 | _aG-Bengali | ||
| 653 | _aT/G- Bengali | ||
| 653 | _aT/G-Bengali | ||
| 942 |
_2ddc _cBK |
||
| 999 |
_c11203 _d11203 |
||